000 00277nam a22001217a 4500
008 180221b xxu||||| |||| 00| 0 eng d
041 _aeng
080 _a574
100 _a11
101 _aMJE
245 _aTHE OXFORD BOOK OF GARDEN FLOWERS
_cMICHAEL.W
942 _2udc
_cBK
999 _c42978
_d42978